000 00341nam a2200145Ia 4500
003 OSt
005 20240329112344.0
008 170524s9999 xx 000 0 und d
020 _a9389347149
040 _cIIMTU MEERUT
100 _aBatacharjee
245 0 _aEssentials Of Financial Accounting
260 _aNew Delhi: PHI
942 _2ddc
_c02
999 _c3245
_d3245